000 00769nam a22002537i 4500
003 DO-SdBNP
005 20251106092740.0
007 ta
008 251106s1982 dr 000 0 spa d
040 _aDO-SdBNP
_bspa
_cBNPHU
_erda
041 _aspa
082 4 _axxxx
_bR337
_222
110 2 _aUniversidad Nacional Pedro Henríquez Ureña
_983980
245 0 _aReglamento de exámenes, pruebas y sistemas de evaluación
264 1 _aSanto Domingo :
_bUNPHU,
_c1982
300 _a27 páginas :
_c23 cm.
336 _atexto
_btxt
_2rdacontent
337 _asin mediación
_bn
_2rdamedia
338 _avolumen
_bnc
_2rdacarrier
590 _aInventariado, 2025/DG
710 2 _aUniversidad Nacional Pedro Henríquez Ureña
_983980
910 _aDG
942 _2ddc
_cLF2
999 _c60018
_d60018